<?xml version="1.0" encoding="UTF-8"?>
<record
    xmlns:xsi="http://www.w3.org/2001/XMLSchema-instance"
    xsi:schemaLocation="http://www.loc.gov/MARC21/slim http://www.loc.gov/standards/marcxml/schema/MARC21slim.xsd"
    xmlns="http://www.loc.gov/MARC21/slim">

  <leader>00684nam a22002057a 4500</leader>
  <controlfield tag="005">20240608092126.0</controlfield>
  <controlfield tag="008">221214b           ||||| |||| 00| 0 eng d</controlfield>
  <datafield tag="040" ind1=" " ind2=" ">
    <subfield code="c">AL</subfield>
  </datafield>
  <datafield tag="041" ind1=" " ind2=" ">
    <subfield code="a">Kannada</subfield>
  </datafield>
  <datafield tag="082" ind1=" " ind2=" ">
    <subfield code="2">23</subfield>
    <subfield code="a">954.035K</subfield>
    <subfield code="b">PYAM</subfield>
  </datafield>
  <datafield tag="100" ind1=" " ind2=" ">
    <subfield code="a">Pyarelal  </subfield>
    <subfield code="9">169686</subfield>
  </datafield>
  <datafield tag="100" ind1=" " ind2=" ">
    <subfield code="9">169682</subfield>
    <subfield code="d">&#xCAA;&#xCCD;&#xCAF;&#xCBE;&#xCB0;&#xCC7;&#xCB2;&#xCBE;&#xCB2;&#xCCD;</subfield>
  </datafield>
  <datafield tag="245" ind1=" " ind2=" ">
    <subfield code="a">Mahatma Gandhi:Anthima Hantha Samputa 1 </subfield>
    <subfield code="b">&#xCAE;&#xCB9;&#xCBE;&#xCA4;&#xCCD;&#xCAE; &#xC97;&#xCBE;&#xC82;&#xCA7;&#xCBF; :&#xC85;&#xC82;&#xCA4;&#xCBF;&#xCAE; &#xCB9;&#xC82;&#xCA4; &#xCB8;&#xC82;&#xCAA;&#xCC1;&#xC9F; &#xCE7;</subfield>
  </datafield>
  <datafield tag="260" ind1=" " ind2=" ">
    <subfield code="a">Mysore</subfield>
    <subfield code="b">Gandhi Bhavan</subfield>
    <subfield code="c">1978</subfield>
  </datafield>
  <datafield tag="300" ind1=" " ind2=" ">
    <subfield code="a">773 p.</subfield>
    <subfield code="b">HB</subfield>
    <subfield code="c">24x17 cm.</subfield>
  </datafield>
  <datafield tag="650" ind1=" " ind2=" ">
    <subfield code="a">Mahatma gandhi</subfield>
    <subfield code="9">65994</subfield>
  </datafield>
  <datafield tag="700" ind1=" " ind2=" ">
    <subfield code="a">SHANKARA GOWDA (K V)</subfield>
    <subfield code="9">65995</subfield>
  </datafield>
  <datafield tag="700" ind1=" " ind2=" ">
    <subfield code="a">&#xCB6;&#xC82;&#xC95;&#xCB0; &#xC97;&#xCCC;&#xCA1; tr</subfield>
    <subfield code="9">65996</subfield>
  </datafield>
  <datafield tag="942" ind1=" " ind2=" ">
    <subfield code="2">ddc</subfield>
    <subfield code="c">GF</subfield>
  </datafield>
  <datafield tag="999" ind1=" " ind2=" ">
    <subfield code="c">225739</subfield>
    <subfield code="d">225739</subfield>
  </datafield>
  <datafield tag="952" ind1=" " ind2=" ">
    <subfield code="0">0</subfield>
    <subfield code="1">0</subfield>
    <subfield code="2">ddc</subfield>
    <subfield code="4">0</subfield>
    <subfield code="7">3</subfield>
    <subfield code="8">KAN</subfield>
    <subfield code="a">AL</subfield>
    <subfield code="b">AL</subfield>
    <subfield code="c">RS</subfield>
    <subfield code="d">2013-03-23</subfield>
    <subfield code="l">0</subfield>
    <subfield code="o">954.035K PYAM</subfield>
    <subfield code="p">GF03904</subfield>
    <subfield code="r">2022-12-14 00:00:00</subfield>
    <subfield code="w">2022-12-14</subfield>
    <subfield code="y">GF</subfield>
  </datafield>
</record>
